000 00506nam a2200181Ia 4500
008 140321s9999 xx 000 0 und d
020 _a9789719919360
050 _aHF 5625
_b.D275 2013
100 _aDayag, Antonio Jaramillo
245 _aCPA examination in practical accounting 2 /
_cAntonio Jaramillo Dayag.
250 _a2013 ed.
260 _aManila :
_bGIC Enterprises,
_cc2013.
300 _a1087 p. :
_c23 cm.
521 _aBSA
650 _aAccounting.
942 _kLOC
_cBK
999 _c48373
_d48373